[Event "Floripa Chess Open 2024"]
[Site "Florianopolis"]
[Date "2024.01.24"]
[Round "6.156"]
[White "Monteiro, Melissa"]
[Black "Franzen, Mark Scheer"]
[Result "0-1"]
[WhiteElo "1340"]
[BlackElo "1596"]
[PlyCount "68"]
[EventDate "2024.01.20"]
[EventRounds "10"]
[EventCountry "BRA"]

1. e4 e5 2. Nf3 d6 3. Bc4 Nf6 4. Nc3 Be7 5. d3 O-O 6. O-O Be6 ({RR} 6... c6 7.
h3 Nbd7 8. a4 h6 9. Be3 Re8 10. Qb1 Nf8 11. Qa2 Be6 12. Bxe6 Nxe6 13. d4 exd4
14. Nxd4 Nc5 15. f3 Bf8 16. Rfe1 a5 17. Rad1 Na6 18. Bf2 Nb4 19. Qb3 Nd7 20.
Nde2 Qg5 21. h4 {Pinol Fulgoni,F (2257)-De la Paz Perdomo,F (2464) Sitges 2005
0-1}) 7. Bxe6 fxe6 8. d4 $146 ({RR} 8. Ng5 d5 9. Nxe6 Qe8 10. Nxf8 Qxf8 11.
exd5 Qd8 12. Qe2 Qd6 13. Re1 Nbd7 14. f4 Nxd5 15. Nxd5 Qxd5 16. fxe5 Bc5+ 17.
Be3 Qxe5 18. Bxc5 Qxc5+ 19. Kh1 Qd4 20. c3 Qf6 21. Rf1 Qh6 22. Rae1 Nf6 {
Garrido Torres,J-Pozo Prior,J Utrera 2012 1-0 (31)}) 8... exd4 9. Nxd4 Qd7 10.
f4 e5 11. fxe5 dxe5 12. Nf5 Bc5+ 13. Be3 Bxe3+ 14. Nxe3 c6 15. Qxd7 Nbxd7 16.
b4 b5 17. a4 a6 18. Nf5 c5 19. Ne7+ Kh8 20. Ncd5 Nxd5 21. Rxf8+ Rxf8 22. Nxd5
cxb4 23. Nxb4 Nc5 24. axb5 axb5 25. Nc6 Nxe4 26. Nxe5 g6 27. c4 b4 28. Nd3 b3
29. c5 Rf6 30. Rb1 Rc6 31. Kf1 Kg7 32. Ke2 Kf6 33. Ke3 Nxc5 34. Nxc5 Rxc5 0-1

[Event "Floripa Chess Open 2024"]
[Site "Florianopolis"]
[Date "2024.01.24"]
[Round "6.157"]
[White "Ferreira De Souza, Ricardo"]
[Black "Lahoz, Cassiano"]
[Result "1-0"]
[WhiteElo "1329"]
[BlackElo "1592"]
[PlyCount "50"]
[EventDate "2024.01.20"]
[EventRounds "10"]
[EventCountry "BRA"]

1. e4 c5 2. Nf3 Nc6 3. d4 cxd4 4. Nxd4 e5 5. Nb5 a6 6. Nd6+ Bxd6 7. Qxd6 Qf6 8.
Qa3 Qg6 9. Nc3 ({RR} 9. Qd3 d5 10. exd5 Bf5 11. Qe3 Nb4 12. Qxe5+ Ne7 13. Na3
O-O 14. Qg3 Nexd5 15. Qxg6 Rfe8+ 16. Be2 Bxg6 17. Kf1 Nxc2 18. Nxc2 Bxc2 19.
Bf3 Nb4 20. g3 Be4 21. Kg2 Nd3 22. Be3 Nxb2 23. Bxe4 Rxe4 {Tomb,M (2090)
-Benyahia,S (1670) chess.com INT 2023 0-1 (49)}) 9... Nd4 10. Kd1 ({RR} 10. Kd2
Ne7 11. g3 d6 12. Bg2 O-O 13. Ne2 Nec6 14. Nxd4 Nxd4 15. Qd3 d5 16. b3 dxe4 17.
Bxe4 Bf5 18. Bxf5 Nxf5 19. Qe4 Rad8+ 20. Kc3 Rd4 21. Qe1 Rc8+ 22. Kb2 Ne3 23.
c3 Qc2+ 24. Ka3 Nc4+ {Enders,P (2490)-Rabiega,R (2420) Dresden 1993 0-1}) 10...
Ne7 11. h4 $146 ({RR} 11. Be3 d5 12. Bxd4 exd4 13. Nxd5 Nxd5 14. exd5 Bd7 15.
Bd3 Qh5+ 16. Be2 Qxd5 17. Bf3 Qb5 18. Re1+ Be6 19. Qb3 Qxb3 20. axb3 O-O-O 21.
Be4 Rd6 22. Ra5 Kc7 23. Kd2 Rhd8 24. f4 b5 25. Raa1 g6 {Strenzwilk,D (2167)
-Weeramantry,S (2252) Washington DC 1999 1-0 (68)}) 11... d6 12. f3 f5 13. h5
Qf6 14. Bd3 f4 15. Ne2 Nec6 16. c3 Nxe2 17. Bxe2 O-O 18. h6 g6 19. Qb3+ Kh8 20.
Bd2 b5 21. Qa3 Bb7 22. Kc2 Rac8 23. Rad1 Nd4+ 24. Kd3 Nxe2 25. Kxe2 d5 1-0

[Event "Floripa Chess Open 2024"]
[Site "Florianopolis"]
[Date "2024.01.24"]
[Round "6.158"]
[White "Calcada, Henrique Galvan"]
[Black "Espindola, Carlos Marcelo"]
[Result "1-0"]
[WhiteElo "1672"]
[BlackElo "1434"]
[PlyCount "44"]
[EventDate "2024.01.20"]
[EventRounds "10"]
[EventCountry "BRA"]

1. Nf3 d5 2. c4 Nf6 3. cxd5 Nxd5 4. e4 Nf6 5. Nc3 Nc6 6. d4 e6 ({RR} 6... Bg4
7. d5 Bxf3 8. gxf3 Nb8 9. e5 Nfd7 10. f4 Nb6 11. Be3 c6 12. Bg2 cxd5 13. Nxd5
Nxd5 14. Qxd5 Qxd5 15. Bxd5 Nc6 16. Rc1 e6 17. Rxc6 Kd7 18. Rc3 exd5 19. Ke2
Be7 20. Rd1 Rhc8 21. Rxd5+ {Cyborowski,L (2555)-Dudzinski,P (2300) Trzcianka
2012 1-0 (35)}) ({RR} 6... Bg4 7. d5 Ne5 8. Nxe5 Bxd1 9. Bb5+ Nd7 10. Bxd7+
Qxd7 11. Nxd7 Kxd7 12. Kxd1 Rd8 13. Be3 a6 14. Ke2 e6 15. Rac1 Bd6 16. Rhd1 e5
17. g3 f6 18. f4 Rhe8 19. Kf3 h5 20. a4 g6 21. a5 {Calcada,H (1672)-Spieker,O 
(1432) Florianopolis BRA 2024 1-0 (40)}) 7. Bc4 Be7 $146 ({RR} 7... Bb4 8. Qd3
Na5 9. Bb5+ Bd7 10. Bg5 a6 11. Bxd7+ Qxd7 12. O-O O-O-O 13. Rac1 h6 14. Bf4 Nc6
15. a3 Bxc3 16. Rxc3 g5 17. Rfc1 gxf4 18. Rxc6 Kb8 19. Rxc7 Rc8 20. R7c3 Rxc3
21. Rxc3 Rd8 22. Qd2 {Horowitz,I-Marshall,F New York,NY 1931 1-0 (50)}) 8. O-O
O-O 9. Re1 Na5 10. Bd3 c5 11. e5 Nd5 12. dxc5 Nxc3 13. bxc3 Bxc5 14. Bxh7+ Kh8
15. Qc2 g6 16. Bxg6 fxg6 17. Qxg6 Qe7 18. Re4 Qg7 19. Rh4+ Kg8 20. Qxg7+ Kxg7
21. Bh6+ Kg8 22. Bxf8 Kxf8 1-0

[Event "Floripa Chess Open 2024"]
[Site "Florianopolis"]
[Date "2024.01.24"]
[Round "6.159"]
[White "Assis, Caio Bentivenha"]
[Black "Lopes, Marcia Maria Dias"]
[Result "1-0"]
[WhiteElo "1800"]
[BlackElo "1297"]
[PlyCount "89"]
[EventDate "2024.01.20"]
[EventRounds "10"]
[EventCountry "BRA"]

1. e4 c5 2. Nf3 d6 3. d4 cxd4 4. Nxd4 Nf6 5. Nc3 a6 6. Be3 e5 7. Nb3 Be7 8. Qd2
Ng4 9. Bc4 ({RR} 9. g3 Nxe3 10. Qxe3 Bg5 11. f4 exf4 12. gxf4 Bh4+ 13. Kd2 Nc6
14. Rg1 g5 15. fxg5 Ne5 16. Kc1 Bg4 17. Kb1 Bxg5 18. Qg3 Bh4 19. Qe3 Be6 20.
Be2 Rc8 21. Nd4 Qf6 {1/2-1/2 (21) Jakovenko,D (2742)-Gashimov,V (2740) Novi
Sad 2009}) ({RR} 9. g3 O-O 10. O-O-O Nxe3 11. Qxe3 Be6 12. Kb1 Nd7 13. f4 f5
14. exf5 Bxf5 15. Bc4+ Kh8 16. Nd5 Rc8 17. Bd3 Bxd3 18. Qxd3 Nf6 19. Nxe7 Qxe7
20. Qxd6 Qxd6 21. Rxd6 exf4 22. gxf4 Rc4 23. f5 Rf4 {Smieszek,W (2078)-Van
Baar,E (2180) chess.com INT 2023 1-0 (47)}) 9... Nxe3 10. Qxe3 O-O $146 ({RR} 
10... Nd7 11. O-O O-O 12. Rad1 b5 13. Bd5 Rb8 14. a3 Nf6 15. Nc1 Qb6 16. Qxb6
Rxb6 17. Nd3 a5 18. Bb3 Bb7 19. f3 Bc6 20. a4 b4 21. Nb1 Nd7 22. Nd2 Ra6 23.
Nc4 Nb6 24. Nxb6 Rxb6 25. Nf2 {Krejci,J (2305)-Swiercz,D (2456) Herceg Novi
2008 0-1 (57)}) 11. O-O b5 12. Bd5 b4 13. Bxa8 bxc3 14. Qxc3 Bd7 15. Rad1 Be6
16. Bd5 Qb6 17. Qd3 Qc7 18. Qc3 Qb6 19. Bxe6 fxe6 20. Qe3 Qd8 21. Nc5 Qc8 22.
Nb3 Nd7 23. c3 Qb7 24. f4 exf4 25. Rxf4 Nf6 26. e5 dxe5 27. Qxe5 Qb6+ 28. Kh1
Rc8 29. Re1 Rd8 30. h3 Rd6 31. Rd4 Rxd4 32. Qxd4 Qb7 33. Rxe6 Qc7 34. Qb6 Qxb6
35. Rxb6 Nd5 36. Rxa6 Kf7 37. a4 Ke8 38. Ra8+ Kd7 39. Rh8 h6 40. Rg8 Bf6 41.
Nd4 Nb6 42. a5 Nc8 43. Nf5 Ne7 44. Nxe7 Kxe7 45. a6 1-0

[Event "Floripa Chess Open 2024"]
[Site "Florianopolis"]
[Date "2024.01.24"]
[Round "6.160"]
[White "Pontes, Larissa Amelio De O"]
[Black "Dos Santos, Douglas Asterio"]
[Result "0-1"]
[WhiteElo "1019"]
[BlackElo "1353"]
[PlyCount "116"]
[EventDate "2024.01.20"]
[EventRounds "10"]
[EventCountry "BRA"]

1. e4 c6 2. Nc3 d5 3. d4 dxe4 4. Nxe4 Bf5 5. Nc3 e6 6. Nf3 Nd7 ({RR} 6... Bb4
7. a3 Be7 8. g3 Nd7 9. Bg2 h6 10. O-O Ngf6 11. Qe2 O-O 12. h3 Qb6 13. b3 Rfe8
14. Bb2 Qc7 15. Ne5 Rad8 16. Rad1 a6 17. g4 Bh7 18. f4 Nd5 19. Ne4 g5 20. Nxf7
Kxf7 21. fxg5+ {Petkovic,R (2295)-Burovic,I (2375) Kladovo 1991 0-1}) 7. Bc4
Ngf6 8. O-O Qc7 9. Be3 $146 ({RR} 9. Re1 Bd6 10. Bg5 h6 11. Bh4 g5 12. Bg3 Bxg3
13. hxg3 O-O-O 14. Bd3 Bxd3 15. Qxd3 Rhg8 16. Ne4 Nxe4 17. Qxe4 c5 18. c3 cxd4
19. Nxd4 Kb8 20. a4 h5 21. a5 a6 22. Kh1 h4 23. gxh4 gxh4 {Do Amaral Vailant,H
(1464)-Cristino,F (1929) Florianopolis/SC 2021 0-1}) ({RR} 9. Re1 Bd6 10. Bg5
h6 11. Bh4 g5 12. Bg3 Bxg3 13. hxg3 O-O-O 14. Bd3 Bxd3 15. Qxd3 Rhg8 16. Ne4
Nxe4 17. Qxe4 c5 18. c3 cxd4 19. Nxd4 Kb8 20. a4 h5 21. a5 a6 22. Kh1 h4 23.
gxh4 gxh4 {Do Amaral Vailant,H (1464)-Cristino,F (1929) Florianopolis BRA 2021
0-1}) 9... Bd6 10. a3 O-O 11. Bd3 Bxd3 12. Qxd3 Rfe8 13. Ne4 Nxe4 14. Qxe4 Nf6
15. Qd3 e5 16. dxe5 Bxe5 17. Nxe5 Qxe5 18. b4 Ng4 19. g3 Nxe3 20. fxe3 Qxe3+
21. Rf2 Qxd3 22. cxd3 Rad8 23. Rf3 f6 24. Rd1 Re5 25. g4 b6 26. d4 Red5 27. Rf4
c5 28. Rf5 Rxd4 29. Re1 Rxg4+ 30. Kf1 c4 31. Rf2 c3 32. Rfe2 Rf4+ 33. Kg2 Rd2
34. Rxd2 cxd2 35. Rd1 Rd4 36. Kf2 Rd3 37. Ke2 Rxa3 38. Rxd2 Rb3 39. Rd8+ Kf7
40. h4 h5 41. Rd7+ Kg6 42. Rxa7 Rxb4 43. Kf3 Rxh4 44. Rb7 Rg4 45. Rxb6 Kg5 46.
Rb5+ f5 47. Rb1 h4 48. Kf2 Rg3 49. Rg1 Rxg1 50. Kxg1 Kg4 51. Kh2 f4 52. Kg2 h3+
53. Kg1 Kg3 54. Kh1 f3 55. Kg1 f2+ 56. Kf1 h2 57. Ke2 h1=Q 58. Ke3 f1=Q 0-1

[Event "Floripa Chess Open 2024"]
[Site "Florianopolis"]
[Date "2024.01.24"]
[Round "6.161"]
[White "Orlandi Neto, Aristides"]
[Black "De Souza, Samuel De Deus"]
[Result "1-0"]
[WhiteElo "1592"]
[BlackElo "1300"]
[PlyCount "69"]
[EventDate "2024.01.20"]
[EventRounds "10"]
[EventCountry "BRA"]

1. e4 e5 2. Nf3 Nc6 3. Bc4 f5 4. Bxg8 Rxg8 5. d4 exd4 6. O-O fxe4 7. Nxd4 $146
({RR} 7. Bg5 Be7 8. Bxe7 Qxe7 9. Nxd4 Qe5 10. Nf3 Qh5 11. Re1 d5 12. Nc3 Be6
13. Nxe4 dxe4 14. Rxe4 Qf5 15. Qe1 Kf7 16. Rxe6 Rge8 17. Rxe8 Rxe8 18. Qc3 Qd5
19. a3 h6 20. h3 Re7 21. Re1 Rxe1+ {Fernandez Urrutia Polo,L-Cipres Auseron,I
Zaragoza 1996 1-0 (36)}) 7... Nxd4 8. Qxd4 d5 9. Nc3 Be6 10. Bf4 Bd6 11. Bxd6
Qxd6 12. Rad1 c5 13. Nxe4 Qxh2+ 14. Kxh2 cxd4 15. Nc5 Kf7 16. Rxd4 Rac8 17.
Nxe6 Kxe6 18. Re1+ Kd6 19. c3 Rc4 20. Red1 Rxd4 21. Rxd4 Rc8 22. Kg3 Rc4 23.
Rd2 a5 24. f3 a4 25. Rd3 g5 26. b3 axb3 27. axb3 Rf4 28. c4 Rf5 29. Kg4 Re5 30.
Rxd5+ Rxd5 31. cxd5 Kxd5 32. Kxg5 Ke6 33. Kh6 Kf5 34. Kxh7 Kf4 35. b4 1-0

[Event "Floripa Chess Open 2024"]
[Site "Florianopolis"]
[Date "2024.01.24"]
[Round "6.163"]
[White "Ferreira, Carlos Eduardo"]
[Black "Santos, Caua Lopes"]
[Result "0-1"]
[WhiteElo "1568"]
[BlackElo "1290"]
[PlyCount "65"]
[EventDate "2024.01.20"]
[EventRounds "10"]
[EventCountry "BRA"]

1. e4 e6 2. d4 d5 3. exd5 exd5 4. Bd3 Bd6 5. h3 h6 6. Nf3 Nf6 7. O-O O-O 8. Re1
Re8 9. c3 c6 10. Nbd2 Nbd7 11. Nf1 Nf8 ({RR} 11... Ne4 12. Qc2 Ndf6 13. Ne5 Qb6
14. Be3 Qc7 15. f3 Ng5 16. f4 Nge4 17. Nd2 Bf5 18. Rad1 Bh7 19. Ndf3 Bf8 20. g4
Nd6 21. Bxh7+ Nxh7 22. Qg2 Ne4 23. f5 Bd6 24. Re2 f6 25. Ng6 Nf8 26. Nxf8 {
Sanal,V (2600)-Livaic,L (2579) chess.com INT 2023 0-1 (65)}) 12. Be3 $146 Ng6
13. Qc2 Nf4 14. Bxf4 Bxf4 15. Rxe8+ Qxe8 16. Re1 Qd8 17. Ne5 Be6 18. Nd2 Bxd2
19. Qxd2 Qc7 20. Bb1 Re8 21. b4 Nd7 22. Qc2 Nf6 23. a4 a5 24. Qc1 Ra8 25. Bc2
Ne4 26. Qe3 Nd6 27. Qf3 b5 28. bxa5 Rxa5 29. axb5 Nxb5 30. Bd3 Ra3 31. c4 Qa5
32. Rb1 dxc4 33. d5 0-1

[Event "Floripa Chess Open 2024"]
[Site "Florianopolis"]
[Date "2024.01.24"]
[Round "6.164"]
[White "Martins, Marlos Da Rosa"]
[Black "Santos, Marcos Correia"]
[Result "0-1"]
[WhiteElo "1296"]
[BlackElo "1564"]
[PlyCount "46"]
[EventDate "2024.01.20"]
[EventRounds "10"]
[EventCountry "BRA"]

1. Nf3 Nf6 2. g3 g6 3. Bg2 Bg7 4. d4 d6 5. c4 O-O 6. O-O Nbd7 7. b3 c5 8. Bb2
Rb8 9. Nbd2 ({RR} 9. Nc3 b6 10. Re1 Bb7 11. e4 cxd4 12. Nxd4 a6 13. Qd2 Nc5 14.
Rad1 e6 15. b4 Ncd7 16. Nxe6 fxe6 17. Qxd6 e5 18. Bh3 Rf7 19. Be6 Bf8 20. Qd3
Bxb4 21. a3 Bc5 22. Bxf7+ Kxf7 23. Qf3 Kg7 {Prasanna Raghuram,R (2466)-Iniyan,
P (2336) Montcada 2016 0-1 (35)}) ({RR} 9. d5 a6 10. Qc2 b5 11. Nfd2 Nb6 12.
Nc3 bxc4 13. bxc4 e5 14. e4 Bh6 15. f4 exf4 16. gxf4 Nh5 17. Ne2 {1/2-1/2 (17)
Aranha Filho,A (2171)-Araujo,R (2041) Florianópolis - Santa Catari 2023}) 9...
b5 10. dxc5 Nxc5 11. Nd4 $146 ({RR} 11. cxb5 a6 12. Nd4 {1-0 (12) Barlov,D  
(2439)-Mingorance Torres,F La Laguna 2007}) ({RR} 11. cxb5 Rxb5 12. Nc4 Bd7 13.
Nd4 Rb8 14. Nc6 Bxc6 15. Bxc6 Rc8 16. Bg2 d5 17. Ne5 Qd6 18. Nd3 Nxd3 19. Qxd3
Rfd8 20. Rac1 e5 21. Qb5 Qe6 22. e3 Rxc1 23. Rxc1 d4 24. Qa5 Qb6 25. Qxe5 Ng4 {
Bucan,L-Imperor,M (1944) Feffernitz 2008 0-1 (46)}) 11... Bd7 12. Nxb5 Bxb5 13.
cxb5 Rxb5 14. Rc1 a5 15. Nc4 a4 16. Bxf6 Bxf6 17. Bc6 Rb4 18. bxa4 Qc7 19. Qd2
Rxc4 20. Rxc4 Qxc6 21. Rb1 Qa6 22. Qb4 Rc8 23. Qa3 Qxc4 0-1

[Event "Floripa Chess Open 2024"]
[Site "Florianopolis"]
[Date "2024.01.24"]
[Round "6.165"]
[White "Mauro, Roberto Da Silva"]
[Black "Orsini, Cesar Oliveira"]
[Result "1-0"]
[WhiteElo "1562"]
[BlackElo "1151"]
[PlyCount "59"]
[EventDate "2024.01.20"]
[EventRounds "10"]
[EventCountry "BRA"]

1. d4 d5 2. Bf4 Nf6 3. e3 e6 4. Nf3 c5 5. Nbd2 a6 ({RR} 5... Qb6 6. Rb1 Nc6 7.
dxc5 Bxc5 8. b4 Be7 9. c4 Bxb4 10. a3 Bxd2+ 11. Nxd2 Qc5 12. Bd3 Qxa3 13. Rb3
Qe7 14. O-O O-O 15. Bg5 h6 16. Bh4 b6 17. e4 dxc4 18. Nxc4 e5 19. f4 Be6 20.
Kh1 {Romanov,E (2547)-Galkin,A (2606) Plovdiv 2008 0-1 (32)}) 6. c3 ({RR} 6. a4
Nc6 7. c3 b6 8. Bd3 Bb7 9. Ne5 Nxe5 10. dxe5 Nd7 11. Qg4 Qc7 12. Nf3 O-O-O 13.
O-O Nb8 14. Rfd1 Nc6 15. e4 d4 16. Bc2 dxc3 17. Rxd8+ Nxd8 18. bxc3 h6 19. Nd2
g5 20. Bg3 Be7 {Hutchinson,P (2005)-Waldock,A (1686) Leamington Spa ENG 2023
1-0}) 6... Bd6 7. Ne5 $146 ({RR} 7. Bd3 Nc6 8. O-O h6 9. Bg3 b6 10. dxc5 bxc5
11. e4 Bxg3 12. hxg3 O-O 13. Qe2 c4 14. Bc2 Bb7 15. Rad1 Qb6 16. b3 cxb3 17.
axb3 a5 18. Rfe1 Rfd8 19. exd5 exd5 20. Qe3 Qxe3 21. Rxe3 d4 {Koustav,C (2513)
-Rodriguez Garcia,Y (2170) chess.com INT 2022 1-0 (40)}) 7... O-O 8. Bd3 Qc7 9.
Rc1 Nbd7 10. Ndf3 Ne4 11. Qc2 Ndf6 12. O-O c4 13. Be2 b5 14. Bg3 Bb7 15. Bh4
Ne8 16. Nd2 Bxe5 17. dxe5 g5 18. Nxe4 dxe4 19. Bxg5 Qxe5 20. Be7 Nf6 21. Bxf8
Kxf8 22. Qd2 Nd5 23. Qd4 Qxd4 24. exd4 Nf4 25. Rc2 Ke7 26. Re1 Rg8 27. Bf1 h5
28. g3 h4 29. Bg2 h3 30. Bxe4 1-0

[Event "Floripa Chess Open 2024"]
[Site "Florianopolis"]
[Date "2024.01.24"]
[Round "6.166"]
[White "Kerr, Lennon"]
[Black "Fonseca, Guilherme"]
[Result "0-1"]
[WhiteElo "1557"]
[BlackElo "1820"]
[PlyCount "66"]
[EventDate "2024.01.20"]
[EventRounds "10"]
[EventCountry "BRA"]

1. e4 d6 2. Nc3 Nf6 3. d4 g6 4. f4 Bg7 5. Be2 O-O 6. Nf3 c5 7. d5 e6 8. O-O
exd5 9. exd5 Na6 10. Bxa6 ({RR} 10. h3 Nc7 11. a4 Re8 12. Bc4 a6 13. Ra3 Bd7
14. Rb3 Rb8 15. a5 Nb5 16. Bd2 Nd4 17. Rb6 Bf5 18. Nxd4 cxd4 19. Ne2 Qc7 20. b3
Nxd5 21. Bxd5 Bxc2 22. Qc1 d3 23. Kh1 dxe2 24. Re1 Qc5 {Kunte,A (2455)
-Wojtkiewicz,A (2570) Dhaka 1999 0-1 (45)}) ({RR} 10. Re1 Nc7 11. h3 a6 12. a4
Bd7 13. a5 Bb5 14. Nxb5 axb5 15. c4 b4 16. Nd2 Nd7 17. Nb3 Re8 18. Qc2 Qf6 19.
Rf1 Re7 20. Bd3 Rae8 21. a6 bxa6 22. Na5 Re1 23. Nc6 Rxf1+ 24. Kxf1 Qh4 {
Boyajyan,D (1601)-Ruksenas,R (1924) Vilnius 2017 0-1 (32)}) 10... bxa6 11. h3
Rb8 $146 ({RR} 11... Re8 12. Rb1 Rb8 13. Re1 Rxe1+ 14. Qxe1 Bf5 15. Qf2 Ne4 16.
Nxe4 Bxe4 17. b3 Qa5 18. Be3 Qxa2 19. Rc1 Bxd5 20. Qd2 Bxf3 21. gxf3 Re8 22.
Bf2 Qb2 23. Re1 Rxe1+ 24. Bxe1 Qd4+ 25. Kf1 Qxd2 26. Bxd2 {Cobo Arteaga,
E-Smyslov,V Havana 1962 0-1 (43)}) 12. Nd2 Rb4 13. a3 Rd4 14. Qf3 c4 15. Ne2
Rxd5 16. Nxc4 Qc7 17. Ne3 Rc5 18. Ng3 Bb7 19. Qe2 d5 20. b4 Ne4 21. Nxe4 dxe4
22. Ra2 Rc6 23. f5 Bd4 24. Kh1 Bxe3 25. Bxe3 Rc8 26. Bc5 a5 27. Qe3 gxf5 28.
Rxf5 Rg6 29. c4 Rd8 30. Rf1 Rd3 31. Qe2 Rxh3+ 32. gxh3 e3+ 33. Rf3 Qg3 0-1

[Event "Floripa Chess Open 2024"]
[Site "Florianopolis"]
[Date "2024.01.24"]
[Round "6.167"]
[White "Barbosa, Kassio Rodrigo"]
[Black "De Oliveira, Lucas Silva"]
[Result "0-1"]
[WhiteElo "1548"]
[BlackElo "1800"]
[PlyCount "38"]
[EventDate "2024.01.20"]
[EventRounds "10"]
[EventCountry "BRA"]

1. e4 {Tyomkin,D} c5 2. Nf3 d6 3. d4 cxd4 4. Nxd4 Nf6 5. Nc3 a6 6. Bg5 e6 7.
Qd2 Be7 8. O-O-O Qc7 9. f4 Nbd7 10. Be2 b5 ({RR} 10... O-O 11. Bf3 Nb6 12. g4
Bd7 13. e5 Nc4 14. exf6 gxf6 ({RR} 14... Nxd2 15. fxe7 Rfe8 16. Rxd2 f6 17. Bh4
Rxe7) 15. Qe2 fxg5 16. Nd5 exd5 17. Qxe7 Qd8 18. Qxg5+ Qxg5 19. fxg5) 11. a3 ({
RR} 11. Bf3 Bb7 12. Rhe1 b4 ({RR} 12... h6 13. Bh4 b4 14. Nb1 Rc8 15. e5 dxe5
16. Bxb7 Qxb7 17. fxe5 Nd5 18. Bxe7 Nxe7) 13. Nd5 ({RR} 13. Nb1 Rc8 ({RR} 13...
d5 14. exd5 Bxd5 15. Bxd5 Nxd5 16. Nxe6 fxe6 17. Rxe6 N7f6 18. Bxf6 Nxf6 19.
Rde1 Ng8 20. Qxb4 Kf8 21. Qe4 Rc8 22. Nc3)) 13... exd5 14. exd5 b3 ({RR} 14...
Kf8 15. Nf5 Re8 16. Qxb4 h6 17. Bh4 Nc5 18. Qc3) 15. axb3 Kf8 16. Nf5 Bd8 17.
g4 ({RR} 17. Qb4 Nc5) 17... h6 18. Bh4 g6 19. Ne3 Qa5 20. Qxa5 Bxa5 21. c3 Re8
22. Nc4 Rxe1 23. Bxe1 Bc7 24. Bf2 g5 ({RR} 24... h5 25. g5 Ne8 ({RR} 25... Ng4
26. Bg1)) 25. Bg3 Ne8 {Voloshin,L (2420)-Vokac,M (2510) Zlin 1998 CBM 066 
[Tyomkin,D] 0-1 (47)}) 11... Bb7 12. Bf3 Rc8 ({RR} 12... O-O 13. g4 Nb6 14. Qg2
Nc4 15. Rd3 Rfc8 16. h4 Rab8 17. h5 b4 18. axb4 Ba8 19. Na2 a5 20. Bh4 d5 21.
e5 Ne4 22. g5 axb4 23. g6 Bxh4 24. Rxh4 Nc5 25. gxh7+ Kh8 26. h6 Nxd3+ 27. Kb1
{Tomiello,L (2107)-Cardoso Cardoso,J (2313) Mumbai IND 2019 0-1}) 13. Kb1 Nb6
$146 ({RR} 13... h6 14. Bh4 Nxe4 15. Bxe4 Bxh4 16. Ndxb5 axb5 17. Nxb5 Bxe4 18.
Nxc7+ Rxc7 19. Rc1 d5 20. f5 Bxf5 21. Qf4 Bd8 22. Qd6 Nf6 23. g4 Bg6 24. Rhe1
Ne4 25. Qb4 Rd7 26. Ka2 Nd6 27. Qa4 Ke7 28. Qd4 {Smiatek,H-Pott,S Cologne 1999
0-1 (41)}) 14. Nb3 Nc4 15. Qe2 Nxa3+ 16. bxa3 Qxc3 17. Qd3 Qc7 18. Bxf6 Bxf6
19. Qxd6 Qxc2# 0-1

[Event "Floripa Chess Open 2024"]
[Site "Florianopolis"]
[Date "2024.01.24"]
[Round "6.168"]
[White "Dos Santos, Welligton Carlos"]
[Black "Goncalves, Richard Gabriel Sim"]
[Result "1/2-1/2"]
[WhiteElo "1541"]
[BlackElo "1800"]
[PlyCount "66"]
[EventDate "2024.01.20"]
[EventRounds "10"]
[EventCountry "BRA"]

1. c4 e6 2. Nc3 d5 3. cxd5 exd5 4. d4 Nf6 5. Nf3 c6 6. Bf4 Bf5 7. e3 Bd6 8. Bg3
({RR} 8. Ne5 Qe7 9. Bd3 Bxd3 10. Nxd3 Bxf4 11. Nxf4 O-O 12. O-O Nbd7 13. Rc1
Rfe8 14. Qb3 Nb6 15. Rfe1 Nc4 16. Qc2 Rad8 17. b3 Nd6 18. Na4 Nfe4 19. Nc5 Qh4
20. Nxe4 Nxe4 21. f3 Nd6 22. Qf2 Qe7 {Mamedjarova,T (2264)-Goryachkina,A (2610)
Warsaw POL 2021 1-0 (60)}) 8... O-O 9. Bd3 ({RR} 9. Be2 Re8 10. Qb3 Bxg3 11.
hxg3 Qb6 12. Nh4 Be4 13. f3 Bg6 14. Nxg6 fxg6 15. Qxb6 axb6 16. Kd2 b5 17. a4
bxa4 18. Nxa4 Nbd7 19. g4 g5 20. Nc3 g6 21. Rhc1 Kf7 22. Nd1 Nb6 23. Nf2 Nfd7 {
Anastasian,A (2559)-Kotanjian,T (2568) Yerevan 2009 1/2-1/2}) 9... Ne4 10. Bxe4
dxe4 $146 ({RR} 10... Bxe4 11. Nxe4 dxe4 12. Nd2 Re8 13. Qc2 Bb4 14. Bxb8 Rxb8
15. O-O-O Qd5 16. Kb1 a5 17. a3 Bd6 18. Rc1 Re6 19. Rhd1 Bf8 20. Nc4 Qd8 21. f3
exf3 22. gxf3 a4 23. e4 b5 24. Ne5 Rb6 25. f4 {Cervenka,I (2210)-Pcola,P (2300)
Slovakia 1995 0-1 (41)}) 11. Nh4 Bxg3 12. hxg3 Qg5 13. Nxf5 Qxf5 14. Qh5 Qxh5
15. Rxh5 g6 16. Rh4 f5 17. Ke2 Nd7 18. g4 Nf6 19. g5 Nd5 20. Rah1 Rf7 21. g4
Raf8 22. gxf5 Nxc3+ 23. bxc3 Rxf5 24. R1h2 Rxg5 25. Rxh7 Rb5 26. Re7 Rf7 27.
Rxe4 Rb2+ 28. Kd3 Rxa2 29. Rg2 Raxf2 30. Rxg6+ Kf8 31. Reg4 Rb2 32. Rg7 Ke8 33.
Rg8+ Ke7 1/2-1/2

[Event "Floripa Chess Open 2024"]
[Site "Florianopolis"]
[Date "2024.01.24"]
[Round "6.169"]
[White "De Souza, Felipe De Deus"]
[Black "Carmo, Jose Arlindo"]
[Result "1/2-1/2"]
[WhiteElo "1276"]
[BlackElo "1541"]
[PlyCount "85"]
[EventDate "2024.01.20"]
[EventRounds "10"]
[EventCountry "BRA"]

1. e4 {Horvath,Ta} c5 2. Nf3 d6 3. c3 Nf6 4. Be2 Nc6 5. d4 e6 ({RR} 5... cxd4
6. cxd4 Nxe4 7. d5 Qa5+ 8. Nc3 Nxc3 9. bxc3 Ne5 10. Nxe5 Qxc3+ 11. Bd2 Qxe5 12.
O-O) 6. Nbd2 Qc7 ({RR} 6... cxd4 7. cxd4 Be7 8. O-O O-O 9. Re1 e5 10. d5 Nb8
11. Bf1 Ne8 12. Nc4 Nd7 13. Bd2 ({RR} 13. g3) 13... g6 14. g3 f5 ({RR} 14...
Ng7) 15. exf5 gxf5 16. Bh3 Ng7 ({RR} 16... Nc5) 17. Bb4 Rf6 ({RR} 17... Nf6 18.
Nfxe5 dxe5 19. d6) 18. Rc1 ({RR} 18. Qb3) 18... Rh6 19. Bg2 Rg6 ({RR} 19... Kh8
) 20. Qb3 Kh8 21. Qa3 {Torre,E (2540)-Ehlvest,J (2540) Zagreb 1987 CBM 004 
[Horvath,Ta] 1-0 (41)}) ({RR} 6... Be7 7. O-O O-O 8. Re1 Qc7 9. a3 e5 10. b4
cxb4 11. cxb4 d5 12. dxe5 dxe4 13. exf6 Bxf6 14. Ra2 exf3 15. Nxf3 Be6 16. Rc2
Rad8 17. Bd2 Qb6 18. Qc1 Nd4 19. Be3 Nxe2+ 20. Rcxe2 Qa6 21. Bg5 {Rusan,P 
(2105)-Dumitru,V (2088) Mamaia ROU 2019 1/2-1/2}) 7. O-O Be7 8. Bd3 O-O 9. Qc2
$146 ({RR} 9. a3 a6 10. b4 b5 11. Re1 e5 12. d5 Nb8 13. c4 Nbd7 14. Bb2 Rb8 15.
Rc1 Qb6 16. Qe2 Nh5 17. g3 g6 18. Bc3 Ng7 19. Rb1 f5 20. exf5 gxf5 21. cxb5
axb5 22. bxc5 Nxc5 23. Bxb5 Qa7 {Basman,M (2400)-Small,S Edinburgh 1985 1-0 
(33)}) ({RR} 9. Re1 cxd4 10. cxd4 e5 11. d5 Nb4 12. Bb1 a5 13. Nf1 Bd7 14. Ng3
Rfc8 15. Nh4 g6 16. a3 Nc2 17. Bxc2 Qxc2 18. Qxc2 Rxc2 19. Nf3 Rac8 20. b4 axb4
21. axb4 Bd8 22. h3 Bb6 23. Bd2 h5 {Rechel,R (2127)-Weber,U (2254) Hessen 2000
0-1 (40)}) 9... Bd7 10. Re1 h6 11. a4 Rac8 12. dxc5 dxc5 13. Nc4 e5 14. Bd2 Bg4
15. Be2 Rfd8 16. h3 Bxf3 17. Bxf3 b6 18. Rad1 a6 19. Ne3 Bf8 20. Nf5 b5 21. Be2
c4 22. Bf1 Rd7 23. Bc1 Rcd8 24. Rxd7 Rxd7 25. Re3 Kh8 26. Rf3 Qd8 27. axb5 axb5
28. Be2 Na5 29. Be3 Nb3 30. g4 Nd2 31. Rg3 Nfxe4 32. Rg2 Ng5 33. Bxg5 hxg5 34.
h4 g6 35. Rh2 Kg8 36. h5 Qf6 37. hxg6 fxg6 38. Ne3 Bc5 39. Nf1 Nxf1 40. Bxf1
Rh7 41. Rg2 Kg7 42. b3 cxb3 43. Qxb3 1/2-1/2